[Event "4NCL Online Division 2"]
[Site "online"]
[Date "2020.09.22"]
[Round "3.164"]
[White "Quinn, Martin"]
[Black "Bailey, Adrian"]
[Result "1/2-1/2"]
[WhiteElo "1787"]
[BlackElo "1787"]
[PlyCount "149"]
[EventDate "2020.09.22"]
[WhiteTeam "Plymouth 1"]
[BlackTeam "Malpas & Oswestry"]

1. e4 c5 2. Nf3 Nc6 3. c4 d6 4. d4 cxd4 5. Nxd4 Nf6 6. Nc3 e6 7. Be2 Be7 8. O-O
O-O 9. Be3 Bd7 10. Qd2 Nxd4 11. Bxd4 e5 12. Be3 Qc7 13. f3 a6 14. Rac1 Rac8 15.
Rc2 Kh8 16. Rfc1 Qa5 17. a3 b5 18. Nd5 Qxd2 19. Bxd2 Nxd5 20. cxd5 Rxc2 21.
Rxc2 Rc8 22. Rxc8+ Bxc8 23. Bb4 g6 24. Kf2 Kg7 25. Ke3 f5 26. Bd1 Kf6 27. a4 g5
28. axb5 axb5 29. Be2 Bd7 30. Kd3 f4 31. Kc3 h5 32. Kb3 g4 33. Be1 Kg5 34. Kb4
h4 35. Bxb5 Bxb5 36. Kxb5 h3 37. gxh3 gxf3 38. Kc6 Kh5 39. b4 Bh4 40. Bxh4 Kxh4
41. b5 f2 42. b6 f1=Q 43. b7 Qa6+ 44. Kc7 Qxb7+ 45. Kxb7 f3 46. Kc6 f2 47. Kxd6
f1=Q 48. Kxe5 Qxh3 49. d6 Qxh2+ 50. Ke6 Qa2+ 51. Ke7 Qa3 52. e5 Kg5 53. Kf7
Qf3+ 54. Ke7 Qa3 55. Ke6 Qb3+ 56. Ke7 Kf5 57. d7 Qe6+ 58. Kd8 Qxe5 59. Kc8 Qc5+
60. Kb8 Qd6+ 61. Kc8 Qc6+ 62. Kd8 Ke5 63. Ke7 Qf6+ 64. Ke8 Qh8+ 65. Ke7 Qg7+
66. Ke8 Qg8+ 67. Ke7 Qg5+ 68. Ke8 Ke6 69. d8=N+ Kf6 70. Kd7 Qd5+ 71. Kc7 Ke7
72. Nc6+ Ke8 73. Kb6 Qb3+ 74. Kc5 Qc4+ 75. Kxc4 1/2-1/2

[Event "4NCL Online Division 2"]
[Site "online"]
[Date "2020.10.06"]
[Round "4.11"]
[White "Friedgood, David"]
[Black "Fraser-Mitchell, Jeremy N"]
[Result "1-0"]
[WhiteElo "2188"]
[BlackElo "2058"]
[PlyCount "71"]
[EventDate "2020.10.06"]
[WhiteTeam "MK Phoenix 1"]
[BlackTeam "St Albans 1"]

1. c4 e5 2. Nc3 Nc6 3. Nf3 f5 4. d3 d6 5. g3 g6 6. Bg2 Bg7 7. O-O Nf6 8. Rb1
O-O 9. b4 h6 10. b5 Ne7 11. Nd2 g5 12. a4 f4 13. Nde4 Nf5 14. Nxf6+ Bxf6 15.
Nd5 Bg7 16. a5 Rb8 17. e3 fxe3 18. fxe3 Be6 19. Bd2 Qd7 20. Qb3 Kh8 21. Rf2 g4
22. b6 axb6 23. axb6 c6 24. Nc7 Bg8 25. Rbf1 h5 26. Be4 Bh7 27. Bxf5 Bxf5 28.
e4 Bg6 29. Qa3 Rxf2 30. Rxf2 Rf8 31. Rxf8+ Bxf8 32. Qa8 Kg7 33. Qxb7 Bf7 34.
Qa7 d5 35. b7 Qxc7 36. Be3 1-0

[Event "4NCL Online Division 2"]
[Site "online"]
[Date "2020.10.06"]
[Round "4.12"]
[White "Collopy, Robert"]
[Black "Tippleston, Charles E"]
[Result "1-0"]
[WhiteElo "2012"]
[BlackElo "2077"]
[PlyCount "77"]
[EventDate "2020.10.06"]
[WhiteTeam "St Albans 1"]
[BlackTeam "MK Phoenix 1"]

1. d4 Nf6 2. c4 e6 3. Nc3 Bb4 4. e3 O-O 5. Nge2 d5 6. a3 Be7 7. Ng3 c6 8. Bd3
dxc4 9. Bxc4 c5 10. O-O cxd4 11. exd4 Nc6 12. Be3 b6 13. Rc1 Bb7 14. b4 Rc8 15.
Be2 a5 16. b5 Nb8 17. Qb3 Qd6 18. Na4 Nbd7 19. Ra1 Bd5 20. Qd1 Ne4 21. Nxe4
Bxe4 22. Qd2 Bf6 23. Nc3 Bb7 24. Rfd1 Rfd8 25. f3 Qf8 26. Ne4 Be7 27. Qd3 Ne5
28. Qb1 Nc4 29. Bxc4 Rxc4 30. Qd3 Rcc8 31. a4 e5 32. Qb1 exd4 33. Bxd4 f5 34.
Nf2 Bc5 35. Bxc5 Qxc5 36. Rxd8+ Rxd8 37. Qe1 h6 38. Rc1 Qd5 39. Rd1 1-0

[Event "4NCL Online Division 2"]
[Site "online"]
[Date "2020.10.06"]
[Round "4.13"]
[White "Hunt, Peter"]
[Black "Willmott, Neil D"]
[Result "1-0"]
[WhiteElo "2065"]
[BlackElo "1930"]
[PlyCount "111"]
[EventDate "2020.10.06"]
[WhiteTeam "MK Phoenix 1"]
[BlackTeam "St Albans 1"]

1. e4 e5 2. Nf3 Nc6 3. Nc3 Nf6 4. Bb5 d6 5. d4 exd4 6. Nxd4 Bd7 7. O-O Be7 8.
h3 O-O 9. Nxc6 Bxc6 10. Bxc6 bxc6 11. f4 Ne8 12. f5 Bf6 13. Qf3 Be5 14. Bf4 Qf6
15. Bxe5 Qxe5 16. Rae1 Rb8 17. Nd1 Nf6 18. b3 Rbe8 19. Nf2 Qc5 20. c4 Re7 21.
Kh1 Rfe8 22. Re2 d5 23. cxd5 cxd5 24. Rfe1 dxe4 25. Nxe4 Nxe4 26. Rxe4 Rxe4 27.
Rxe4 Rd8 28. Qe2 Qc6 29. Qe3 h6 30. Rc4 Rd1+ 31. Kh2 Qd6+ 32. Qf4 Qxf4+ 33.
Rxf4 Rd5 34. Ra4 a5 35. Rc4 Rxf5 36. Rxc7 g5 37. Rb7 a4 38. bxa4 Rf2 39. a3 Rc2
40. a5 Rc3 41. a4 Rc4 42. a6 Rxa4 43. a7 Kg7 44. Kg3 Kh7 45. Rxf7+ Kg6 46. Rc7
h5 47. Kf3 h4 48. Ke3 Kf5 49. Kd3 Ra3+ 50. Kc4 Kf4 51. Rf7+ Ke4 52. Kc5 Ra2 53.
Kb6 Ke5 54. Kb7 Rb2+ 55. Kc8 Ra2 56. Kb8 1-0

[Event "4NCL Online Division 2"]
[Site "online"]
[Date "2020.10.06"]
[Round "4.14"]
[White "Ellis, Aidan B"]
[Black "Cox, Toby"]
[Result "1-0"]
[WhiteElo "1960"]
[BlackElo "2080"]
[PlyCount "41"]
[EventDate "2020.10.06"]
[WhiteTeam "St Albans 1"]
[BlackTeam "MK Phoenix 1"]

1. e4 e6 2. d4 d5 3. Nc3 Nf6 4. Bg5 dxe4 5. f3 c5 6. Bxf6 Qxf6 7. d5 exd5 8.
Nxd5 Qe5 9. fxe4 Bd6 10. Be2 Qxb2 11. Nf3 Bg4 12. Rb1 Qxa2 13. O-O Nd7 14. Rxb7
O-O-O 15. Nc3 Qa5 16. Qd5 Ne5 17. Nxe5 Bxe2 18. Qc6+ Bc7 19. Rb3 Rd1 20. Rxd1
Qa1 21. Qd7# 1-0

[Event "4NCL Online Division 2"]
[Site "online"]
[Date "2020.10.06"]
[Round "4.21"]
[White "Srivastava, Arnav"]
[Black "Pert, Richard G"]
[Result "0-1"]
[WhiteElo "2027"]
[BlackElo "2515"]
[PlyCount "72"]
[EventDate "2020.10.06"]
[WhiteTeam "Poisoned Pawns"]
[BlackTeam "Brentwood A"]

1. d4 d5 2. c4 e5 3. dxe5 d4 4. Nf3 Nc6 5. e3 Bb4+ 6. Bd2 dxe3 7. fxe3 Nh6 8.
a3 Bxd2+ 9. Qxd2 Be6 10. Nc3 Qxd2+ 11. Kxd2 O-O-O+ 12. Kc2 Ng4 13. Re1 Ngxe5
14. Nxe5 Nxe5 15. b3 Bf5+ 16. e4 Bg6 17. Be2 c6 18. Rd1 Kc7 19. Bf3 Rhe8 20.
Rhe1 Rxd1 21. Rxd1 f5 22. Re1 Nxf3 23. gxf3 fxe4 24. fxe4 Kd6 25. Kd3 Rf8 26.
Re3 Ke5 27. h4 Rf4 28. Rh3 Bxe4+ 29. Nxe4 Rxe4 30. Rg3 Rd4+ 31. Kc3 Rd7 32. Rf3
g6 33. Kb4 h6 34. a4 g5 35. hxg5 hxg5 36. a5 g4 0-1

[Event "4NCL Online Division 2"]
[Site "online"]
[Date "2020.10.06"]
[Round "4.22"]
[White "Siddharth, Jagadeesh"]
[Black "Volovich, Julia"]
[Result "0-1"]
[WhiteElo "2447"]
[BlackElo "1937"]
[PlyCount "92"]
[EventDate "2020.10.06"]
[WhiteTeam "Brentwood A"]
[BlackTeam "Poisoned Pawns"]

1. d4 Nf6 2. c4 g6 3. g3 Bg7 4. Bg2 c6 5. e4 d6 6. Nc3 O-O 7. h3 e5 8. Nf3 Nfd7
9. O-O a5 10. Be3 c5 11. d5 f5 12. Ng5 Nf6 13. exf5 gxf5 14. Ne6 Bxe6 15. dxe6
Nc6 16. Nd5 Re8 17. Bg5 Rxe6 18. Nxf6+ Bxf6 19. Bd5 Qe7 20. Bxf6 Qxf6 21. Qb3
Nb4 22. Bxb7 Ra7 23. Bd5 a4 24. Qd1 Nxd5 25. Qxd5 e4 26. Rad1 Kg7 27. Qd2 Rb7
28. Qf4 Rxb2 29. Rb1 Re7 30. Rxb2 Qxb2 31. Qg5+ Kf8 32. Qxf5+ Ke8 33. Rd1 e3
34. fxe3 Qe5 35. Qc8+ Kf7 36. Rf1+ Kg7 37. Qf8+ Kg6 38. Kh2 h5 39. h4 Rb7 40.
Rf2 a3 41. Qg8+ Kh6 42. Kh3 Rb2 43. Rf4 Rb7 44. e4 Qg7 45. Qe6+ Kh7 46. Rf5
Qg4+ 0-1

[Event "4NCL Online Division 2"]
[Site "online"]
[Date "2020.10.06"]
[Round "4.23"]
[White "Weersing, Abigail Riis"]
[Black "White, Russell P"]
[Result "1-0"]
[WhiteElo "1945"]
[BlackElo "2185"]
[PlyCount "71"]
[EventDate "2020.10.06"]
[WhiteTeam "Poisoned Pawns"]
[BlackTeam "Brentwood A"]

1. d4 d5 2. c4 e5 3. dxe5 d4 4. Nf3 Nc6 5. g3 Bg4 6. Bg2 Qd7 7. O-O Bh3 8. Nbd2
Nge7 9. Nb3 Bxg2 10. Kxg2 Nf5 11. Qd3 O-O-O 12. Bg5 Be7 13. Bxe7 Nfxe7 14. Nc5
Qg4 15. Qb3 b6 16. Nd3 Qe4 17. c5 Nd5 18. Rfe1 Rhe8 19. Qb5 Nxe5 20. Qa6+ Kb8
21. Ndxe5 Nb4 22. Qc4 Rxe5 23. Qxb4 Rxc5 24. Kg1 a5 25. Qb3 g5 26. Qd3 Qg4 27.
Rac1 Rcd5 28. Rc6 R8d7 29. Qc4 b5 30. Qd3 f5 31. Rec1 Qe4 32. Nxg5 Qe7 33. Ne6
R5d6 34. Rxd6 cxd6 35. Nxd4 b4 36. Nc6+ 1-0

[Event "4NCL Online Division 2"]
[Site "online"]
[Date "2020.10.06"]
[Round "4.24"]
[White "Hughes, Gavin James"]
[Black "Trivedi, Aarnavh"]
[Result "0-1"]
[WhiteElo "1773"]
[BlackElo "1952"]
[PlyCount "108"]
[EventDate "2020.10.06"]
[WhiteTeam "Brentwood A"]
[BlackTeam "Poisoned Pawns"]

1. e4 c6 2. d4 d5 3. Nc3 dxe4 4. Nxe4 Bf5 5. Ng3 Bg6 6. h4 h6 7. h5 Bh7 8. Nf3
Nd7 9. Bd3 Bxd3 10. Qxd3 e6 11. Bd2 Qc7 12. O-O-O Ngf6 13. Ne4 O-O-O 14. Qe2
Nxe4 15. Qxe4 Nf6 16. Qe2 Bd6 17. g3 Rhe8 18. Ne5 c5 19. Bf4 Nd5 20. dxc5 Nxf4
21. gxf4 Bxc5 22. Rhg1 Bf8 23. Rg3 Rxd1+ 24. Qxd1 Rd8 25. Qe1 Rd5 26. Rc3 Rc5
27. Rxc5 Bxc5 28. Nd3 Be7 29. Qe4 Bf6 30. Qa4 b6 31. Qa6+ Kb8 32. Qb5 Kb7 33.
a4 Qc6 34. Qxc6+ Kxc6 35. Kd2 Kd5 36. Ke3 g6 37. hxg6 fxg6 38. b3 Bc3 39. Kf3
h5 40. Nc1 e5 41. fxe5 Bxe5 42. Nd3 g5 43. Nb4+ Kc5 44. Nd3+ Kd4 45. Ke2 Bf6
46. f3 Kc3 47. Kd1 Bd4 48. Nc1 Be3 49. Ne2+ Kb2 50. b4 h4 51. c4 Kb3 52. c5
bxc5 53. bxc5 Bxc5 54. a5 Ka4 0-1

[Event "4NCL Online Division 2"]
[Site "online"]
[Date "2020.10.06"]
[Round "4.31"]
[White "Sajanani, Vikas"]
[Black "Whyte, Brian G"]
[Result "0-1"]
[WhiteElo "1652"]
[BlackElo "2048"]
[PlyCount "77"]
[EventDate "2020.10.06"]
[WhiteTeam "Warwick University B"]
[BlackTeam "Malpas & Oswestry Friends"]

1. e4 d6 2. d4 Nf6 3. Bd3 e5 4. c3 d5 5. dxe5 Nxe4 6. Nf3 Nc6 7. Bf4 Bf5 8. O-O
Be7 9. Qc2 Bg6 10. Nd4 Nc5 11. Bxg6 hxg6 12. e6 Nxe6 13. Nxe6 fxe6 14. Qxg6+
Kd7 15. Nd2 Bf6 16. Rad1 Qe8 17. Qg3 e5 18. Rfe1 Qh5 19. Be3 Rad8 20. Nf1 Kc8
21. Bc5 d4 22. h3 Rd5 23. b4 Rd7 24. b5 Na5 25. Bb4 Nc4 26. Qg4 Qxg4 27. hxg4
Rhd8 28. f3 Bg5 29. a4 d3 30. Nd2 Bxd2 31. Re4 Be3+ 32. Kf1 Nb2 33. Rxe3 Nxd1
34. Rxe5 Nb2 35. c4 d2 36. Bxd2 Rxd2 37. c5 Rd1+ 38. Ke2 Re1+ 39. Kxe1 0-1

[Event "4NCL Online Division 2"]
[Site "online"]
[Date "2020.10.06"]
[Round "4.32"]
[White "Altinsoy, Mehmet Nuri"]
[Black "Ruiz Cifuentes, Daniel"]
[Result "0-1"]
[WhiteElo "2018"]
[BlackElo "1407"]
[PlyCount "104"]
[EventDate "2020.10.06"]
[WhiteTeam "Malpas & Oswestry Friends"]
[BlackTeam "Warwick University B"]

1. e4 c5 2. d4 cxd4 3. c3 dxc3 4. Nxc3 Nc6 5. Nf3 d6 6. Bc4 Nf6 7. O-O e6 8.
Qe2 a6 9. a4 Be7 10. Rd1 Qc7 11. h3 O-O 12. Bf4 Ne5 13. Ba2 Bd7 14. Rac1 Qa5
15. Nxe5 dxe5 16. Bg5 Bxa4 17. Nxa4 Qxa4 18. Bb1 Rac8 19. Rxc8 Rxc8 20. f4 exf4
21. e5 Nd5 22. Rxd5 Bxg5 23. Rd1 f3 24. Qxf3 Qxd1+ 25. Qxd1 Rc1 26. Qxc1 Bxc1
27. b3 Bf4 28. Be4 b6 29. Bb7 a5 30. Kf2 Bxe5 31. Kf3 Bd4 32. Ke4 e5 33. g4 Kf8
34. Bd5 Ke7 35. h4 f6 36. h5 h6 37. Kf5 Be3 38. Kg6 Bg5 39. Kf5 Kd6 40. Ke4 Kc5
41. Bg8 b5 42. Kd3 Kb4 43. Kc2 a4 44. bxa4 bxa4 45. Bd5 a3 46. Ba2 e4 47. Bd5
e3 48. Kd3 Kc5 49. Ba2 Kd6 50. Ke2 Ke5 51. Kf3 Kd4 52. Ke2 Kc3 0-1

[Event "4NCL Online Division 2"]
[Site "online"]
[Date "2020.10.06"]
[Round "4.33"]
[White "Bill, Vincenz"]
[Black "McMahon, Timothy P"]
[Result "0-1"]
[WhiteElo "1367"]
[BlackElo "1997"]
[PlyCount "94"]
[EventDate "2020.10.06"]
[WhiteTeam "Warwick University B"]
[BlackTeam "Malpas & Oswestry Friends"]

1. e4 c5 2. Nf3 d6 3. Bb5+ Nc6 4. O-O Bd7 5. c3 Nf6 6. Re1 a6 7. Ba4 b5 8. Bc2
Bg4 9. d3 e6 10. Bg5 Be7 11. Nbd2 O-O 12. Nf1 Ne5 13. d4 Nxf3+ 14. gxf3 Bh5 15.
Ng3 Bg6 16. dxc5 dxc5 17. Qe2 Qc7 18. Red1 Rad8 19. a4 c4 20. Be3 Bc5 21. Rxd8
Rxd8 22. Bxc5 Qxc5 23. Rd1 Qc7 24. Rxd8+ Qxd8 25. Nf1 Nh5 26. b3 cxb3 27. Bxb3
bxa4 28. Bxa4 Qa5 29. Qc4 h6 30. Ng3 Nf4 31. h4 Qb6 32. Qc6 Qxc6 33. Bxc6 Kf8
34. c4 Ke7 35. Bb7 a5 36. Bc6 Kd6 37. Bb5 Kc5 38. Kf1 f6 39. Ne2 Nd3 40. Nc3
Kb4 41. Nb1 a4 42. Ke2 Nc5 43. Kd2 Nb3+ 44. Kd3 f5 45. Nc3 fxe4+ 46. fxe4 Nc5+
47. Ke3 Kxc3 0-1

[Event "4NCL Online Division 2"]
[Site "online"]
[Date "2020.10.06"]
[Round "4.34"]
[White "Taylor, Robert K"]
[Black "Fakhoury, Ziad Oussma"]
[Result "1/2-1/2"]
[WhiteElo "1960"]
[BlackElo "1247"]
[PlyCount "58"]
[EventDate "2020.10.06"]
[WhiteTeam "Malpas & Oswestry Friends"]
[BlackTeam "Warwick University B"]

1. e4 e6 2. d4 d5 3. Nc3 Nf6 4. Bg5 Bb4 5. Nge2 dxe4 6. a3 Be7 7. Qd2 e3 8.
fxe3 O-O 9. e4 Ng4 10. Bxe7 Qxe7 11. h3 Qh4+ 12. g3 Qh6 13. Nf4 e5 14. dxe5
Nxe5 15. O-O-O Bg4 16. Be2 Bxe2 17. Qxe2 Re8 18. Qb5 Na6 19. Qxb7 Reb8 20. Qd5
Qf6 21. Nd3 Nxd3+ 22. Qxd3 Qb6 23. b3 Nc5 24. Qc4 a5 25. Rd5 Ne6 26. Kb2 Qf2
27. g4 Qg2 28. Qf1 Qxf1 29. Rg1 Qxg1 1/2-1/2

[Event "4NCL Online Division 2"]
[Site "online"]
[Date "2020.10.06"]
[Round "4.41"]
[White "Garcia, Jason"]
[Black "Chopra, Tanmay"]
[Result "1/2-1/2"]
[WhiteElo "2028"]
[BlackElo "2273"]
[PlyCount "57"]
[EventDate "2020.10.06"]
[WhiteTeam "White Knights"]
[BlackTeam "Harrow 1"]

1. Nf3 d5 2. c4 d4 3. b4 g5 4. h3 h6 5. Bb2 Bg7 6. e3 e5 7. exd4 exd4 8. Bd3
Ne7 9. O-O O-O 10. Re1 Ng6 11. Bxg6 fxg6 12. d3 g4 13. hxg4 Bxg4 14. Nbd2 Nc6
15. Qb3 Bxf3 16. Nxf3 Rxf3 17. gxf3 Ne5 18. c5+ Kh8 19. f4 Nf3+ 20. Kg2 Nxe1+
21. Rxe1 Qh4 22. Re4 Qg4+ 23. Kf1 Qf3 24. Qc4 Rd8 25. Bxd4 Bxd4 26. Rxd4 Qd1+
27. Kg2 Qg4+ 28. Kf1 Qd1+ 29. Kg2 1/2-1/2

[Event "4NCL Online Division 2"]
[Site "online"]
[Date "2020.10.06"]
[Round "4.42"]
[White "Nettleton, Charlie B"]
[Black "Young, Alan"]
[Result "1-0"]
[WhiteElo "2008"]
[BlackElo "2092"]
[PlyCount "57"]
[EventDate "2020.10.06"]
[WhiteTeam "Harrow 1"]
[BlackTeam "White Knights"]

1. e4 e5 2. Nc3 Nf6 3. f4 d5 4. fxe5 Nxe4 5. Qf3 Nxc3 6. dxc3 Be6 7. Bf4 Qd7 8.
Qg3 c5 9. O-O-O Nc6 10. Nf3 O-O-O 11. c4 d4 12. b3 h6 13. h4 Be7 14. h5 Qc7 15.
Kb2 Qa5 16. a3 Qc3+ 17. Kb1 Qa5 18. Kb2 Qc3+ 19. Kb1 Qa5 20. Bc1 Qc7 21. Bd3 f6
22. Bf4 fxe5 23. Nxe5 Nxe5 24. Bxe5 Bd6 25. Rde1 Bxe5 26. Rxe5 Rde8 27. Rhe1
Rhf8 28. Qg6 Qd6 29. Rxe6 1-0

[Event "4NCL Online Division 2"]
[Site "online"]
[Date "2020.10.06"]
[Round "4.43"]
[White "Miga, Tomasz"]
[Black "Coles, Steven F"]
[Result "0-1"]
[WhiteElo "1737"]
[BlackElo "1986"]
[PlyCount "136"]
[EventDate "2020.10.06"]
[WhiteTeam "White Knights"]
[BlackTeam "Harrow 1"]

1. d4 Nf6 2. Nf3 e6 3. c4 b6 4. g3 Ba6 5. b3 Bb4+ 6. Bd2 Be7 7. Bg2 c6 8. Qc2
d5 9. O-O O-O 10. Rd1 Nbd7 11. Bf4 Rc8 12. Nbd2 Nh5 13. Ne5 Nxf4 14. gxf4 f6
15. Ng4 Bd6 16. f5 Qe8 17. h3 Kh8 18. e4 exf5 19. exf5 Qf7 20. Re1 Bf4 21. Ne3
Rfe8 22. Qd3 Re7 23. Re2 Rce8 24. Rae1 Qh5 25. Nf3 Qf7 26. Nd2 Qh5 27. Nf3 Bd6
28. Ng4 Qf7 29. Rxe7 Rxe7 30. Rxe7 Qxe7 31. Ne3 Qf7 32. Qc2 Bf4 33. cxd5 cxd5
34. Qc6 Bxe3 35. fxe3 Nf8 36. Kf2 h6 37. Qa8 Kh7 38. Nh2 Bb7 39. Qxa7 Qd7 40.
Qxb6 Qxf5+ 41. Nf3 Bc8 42. Qc7 Ng6 43. Ke2 Ba6+ 44. Kf2 Nh4 45. Qc3 Bd3 46. Kg3
Nxg2 47. Kxg2 Be4 48. Qd2 Qxf3+ 49. Kg1 Qh1+ 50. Kf2 Qxh3 51. b4 Bf3 52. Qd3+
Be4 53. Qd2 Qh2+ 54. Ke1 Qg1+ 55. Ke2 Qh2+ 56. Kd1 Qb8 57. a4 h5 58. b5 Qb6 59.
Qb4 h4 60. a5 Qc7 61. Qb3 Qxa5 62. b6 h3 63. Qb2 Qa8 64. Qh2 Qa1+ 65. Ke2 Qb2+
66. Kf1 Qxh2 67. b7 Bd3+ 68. Ke1 Qe2# 0-1

[Event "4NCL Online Division 2"]
[Site "online"]
[Date "2020.10.06"]
[Round "4.44"]
[White "Chopra, Manmay"]
[Black "Daniel, Christopher"]
[Result "1/2-1/2"]
[WhiteElo "1610"]
[BlackElo "1625"]
[PlyCount "88"]
[EventDate "2020.10.06"]
[WhiteTeam "Harrow 1"]
[BlackTeam "White Knights"]

1. e4 d6 2. c4 Nf6 3. Nc3 g6 4. d4 Bg7 5. f3 O-O 6. Be3 Nbd7 7. Rc1 e5 8. d5 a5
9. a3 b6 10. Bd3 Nc5 11. Bc2 Bd7 12. b3 Ne8 13. b4 axb4 14. axb4 Na6 15. Rb1 f5
16. Nge2 fxe4 17. Nxe4 Bf5 18. N2g3 Nf6 19. Nxf5 gxf5 20. Ng5 Qe7 21. Ne6 f4
22. Bf2 Rfb8 23. Qd3 c5 24. bxc5 Nxc5 25. Bxc5 bxc5 26. O-O Bh6 27. Qf5 Rb4 28.
Bd3 Rab8 29. Rxb4 cxb4 30. Rb1 Ne8 31. Qh5 Qf6 32. Rxb4 Rxb4 33. Qxe8+ Bf8 34.
Nxf8 Qxf8 35. Bxh7+ Kg7 36. Qg6+ Kh8 37. Qh5 Kg7 38. Bf5 Qf6 39. Qh7+ Kf8 40.
Be6 Rxc4 41. Qg8+ Ke7 42. Qh7+ Kf8 43. Qg8+ Ke7 44. Qh7+ Kf8 1/2-1/2

[Event "4NCL Online Division 2"]
[Site "online"]
[Date "2020.10.06"]
[Round "4.52"]
[White "Keane, Graham D J"]
[Black "Conterno, Dominique"]
[Result "0-1"]
[WhiteElo "2161"]
[BlackElo "1885"]
[PlyCount "74"]
[EventDate "2020.10.06"]
[WhiteTeam "Streatham A"]
[BlackTeam "Downend 1"]

1. f3 e5 2. e4 Nc6 3. Nc3 Nf6 4. d3 d5 5. exd5 Nxd5 6. Nxd5 Qxd5 7. Ne2 Bc5 8.
Nc3 Qe6 9. Ne4 Bb6 10. Be2 f5 11. Nf2 O-O 12. O-O f4 13. c3 Qg6 14. Kh1 Bf5 15.
Ne4 Rad8 16. a4 a5 17. b3 Be6 18. Re1 Rf5 19. Bf1 Rh5 20. g4 fxg3 21. Ra2 Bg1
22. Ree2 Bxh2 23. Bg2 Rf8 24. Re1 Bh3 25. Qe2 Bxg2+ 26. Qxg2 Ne7 27. Ba3 Nd5
28. Bc1 Rhf5 29. c4 Nb4 30. Rd2 Rxf3 31. Bb2 Nxd3 32. Rxd3 Rxd3 33. Ba3 Rfd8
34. Rf1 Rd1 35. Nc3 Rxf1+ 36. Qxf1 Qc2 37. Nd5 Qe4+ 0-1

[Event "4NCL Online Division 2"]
[Site "online"]
[Date "2020.10.06"]
[Round "4.53"]
[White "Williams, Stephen M"]
[Black "Hodgson, John H"]
[Result "0-1"]
[WhiteElo "1885"]
[BlackElo "2072"]
[PlyCount "72"]
[EventDate "2020.10.06"]
[WhiteTeam "Downend 1"]
[BlackTeam "Streatham A"]

1. d4 Nf6 2. Nf3 g6 3. Bf4 Bg7 4. Nc3 d5 5. e3 O-O 6. Ne5 c5 7. Be2 cxd4 8.
exd4 Nc6 9. h3 Be6 10. O-O Rc8 11. Qd2 Nxe5 12. Bxe5 Nd7 13. Bxg7 Kxg7 14. Nd1
Nf6 15. c3 Qd6 16. Bf3 Rc7 17. Ne3 Rb8 18. Ng4 Nxg4 19. hxg4 h6 20. Rfe1 b5 21.
a3 a5 22. Re3 b4 23. axb4 axb4 24. Be2 bxc3 25. bxc3 Rcb7 26. Rg3 g5 27. Ra6
Rb1+ 28. Kh2 Qc7 29. Bd3 R8b2 30. Bc2 Qc4 31. Rxe6 fxe6 32. Qe3 Rxc2 33. Qxe6
Qc7 34. f4 gxf4 35. Rf3 Rcc1 36. g3 Rc2+ 0-1

[Event "4NCL Online Division 2"]
[Site "online"]
[Date "2020.10.06"]
[Round "4.54"]
[White "Smith, Martin G"]
[Black "Tipper, David I"]
[Result "1-0"]
[WhiteElo "1960"]
[BlackElo "1780"]
[PlyCount "79"]
[EventDate "2020.10.06"]
[WhiteTeam "Streatham A"]
[BlackTeam "Downend 1"]

1. d4 Nf6 2. Nf3 g6 3. c4 Bg7 4. Nc3 O-O 5. e4 d6 6. h3 e5 7. d5 Nh5 8. g3 a5
9. Be2 Na6 10. Nh2 Nf6 11. Ng4 Qe8 12. Nxf6+ Bxf6 13. Bh6 Bg7 14. Bxg7 Kxg7 15.
g4 f5 16. gxf5 gxf5 17. Qd2 f4 18. Bg4 Bxg4 19. hxg4 Qg6 20. f3 Nc5 21. O-O-O
Kf7 22. Rh5 Nd7 23. Rdh1 Rh8 24. Rh6 Qg7 25. Qg2 Nf8 26. g5 Ke8 27. Qg4 Rd8 28.
Qh5+ Kd7 29. Qg4+ Ke8 30. Nb5 b6 31. Na7 Qd7 32. Qh5+ Qf7 33. Qg4 Qg7 34. Nc6
Rd7 35. g6 Rg8 36. gxh7 Qxh6 37. Rxh6 Rxg4 38. h8=Q Rg1+ 39. Kd2 Rdg7 40. Re6+
1-0

[Event "4NCL Online Division 2"]
[Site "online"]
[Date "2020.10.06"]
[Round "4.61"]
[White "Carmichael, Ned"]
[Black "Marsh, Sean"]
[Result "1-0"]
[WhiteElo "1832"]
[BlackElo "2215"]
[PlyCount "103"]
[EventDate "2020.10.06"]
[WhiteTeam "Hull & Beverley Romans 2"]
[BlackTeam "CSC 1"]

1. c4 e5 2. Nc3 Nf6 3. Nf3 d6 4. d4 Nbd7 5. g3 Be7 6. Bg2 O-O 7. O-O c6 8. b3
Re8 9. Bb2 a6 10. Qc2 Bf8 11. Rad1 e4 12. Ng5 d5 13. f3 h6 14. Nh3 exf3 15.
exf3 Bd6 16. Nf2 Nf8 17. f4 dxc4 18. bxc4 Qa5 19. d5 cxd5 20. Nxd5 Ng4 21. Ne4
Bc5+ 22. Nxc5 Qxc5+ 23. Bd4 Qd6 24. h3 Nf6 25. Be5 Qc5+ 26. Bd4 Qd6 27. c5 Qxd5
28. Bxd5 Nxd5 29. Kh2 Ne6 30. Bf2 Nb4 31. Qb2 Nc6 32. Rfe1 Rf8 33. Kg2 g6 34.
Re2 Ng7 35. Rde1 h5 36. Bd4 Nf5 37. Bh8 Kh7 38. Re8 Be6 39. Rxa8 Rxa8 40. Be5
Rd8 41. g4 Bd5+ 42. Kg1 Nh4 43. Rd1 Nf3+ 44. Kf2 hxg4 45. hxg4 Nh2 46. Kg3 Nxg4
47. Rxd5 Rxd5 48. Kxg4 Nxe5+ 49. fxe5 Rxc5 50. Qxb7 Rxe5 51. Qxf7+ Kh6 52. Qf4+
1-0

[Event "4NCL Online Division 2"]
[Site "online"]
[Date "2020.10.06"]
[Round "4.62"]
[White "Finn, Peter"]
[Black "Greep, Stephen"]
[Result "1-0"]
[WhiteElo "2125"]
[BlackElo "1697"]
[PlyCount "79"]
[EventDate "2020.10.06"]
[WhiteTeam "CSC 1"]
[BlackTeam "Hull & Beverley Romans 2"]

1. e4 e6 2. d4 d5 3. Nc3 Nf6 4. e5 Nfd7 5. f4 c5 6. Nf3 Nc6 7. Be3 cxd4 8. Nxd4
Bc5 9. Qd2 O-O 10. O-O-O Nxd4 11. Bxd4 Bxd4 12. Qxd4 Qb6 13. g3 Qxd4 14. Rxd4
a6 15. a4 Nb8 16. Rb4 Nc6 17. Rb6 Rb8 18. Bxa6 bxa6 19. Rxc6 Bb7 20. Rb6 d4 21.
Rxb7 Rxb7 22. Ne4 Rb4 23. b3 d3 24. Nd2 Rc8 25. c4 Kf8 26. Kb2 a5 27. Kc3 Rd8
28. Re1 Rb7 29. Ne4 Rbd7 30. Nd6 Ke7 31. Rd1 h5 32. h4 f6 33. Rxd3 fxe5 34.
fxe5 Rf8 35. c5 Rc7 36. Kc4 Rf1 37. Kb5 Rc1 38. Nc4 Kf7 39. Kb6 Rc8 40. Nd6+
1-0

[Event "4NCL Online Division 2"]
[Site "online"]
[Date "2020.10.06"]
[Round "4.63"]
[White "Grice, Alec"]
[Black "Frostick, Clive A"]
[Result "0-1"]
[WhiteElo "1667"]
[BlackElo "2108"]
[PlyCount "78"]
[EventDate "2020.10.06"]
[WhiteTeam "Hull & Beverley Romans 2"]
[BlackTeam "CSC 1"]

1. e4 c5 2. Nf3 e6 3. c3 Nf6 4. e5 Nd5 5. d4 cxd4 6. cxd4 d6 7. Bb5+ Bd7 8.
Bxd7+ Qxd7 9. O-O Nc6 10. Nc3 Nxc3 11. bxc3 dxe5 12. Qe2 exd4 13. cxd4 Be7 14.
Rd1 O-O 15. Be3 Bf6 16. Ne5 Qd5 17. Rab1 Rfd8 18. Rbc1 Nxe5 19. dxe5 Qxe5 20.
Rc5 Qb2 21. Rc2 Rxd1+ 22. Qxd1 Qb5 23. Qc1 h6 24. g3 b6 25. Rc8+ Rxc8 26. Qxc8+
Kh7 27. Qc7 Qb1+ 28. Kg2 Qxa2 29. Qxf7 b5 30. h4 Qd5+ 31. Kg1 a5 32. h5 Qf5 33.
Kg2 b4 34. f3 b3 35. g4 Qc2+ 36. Bf2 Bh4 37. Qg6+ Qxg6 38. hxg6+ Kxg6 39. Bd4
Bf6 0-1

[Event "4NCL Online Division 2"]
[Site "online"]
[Date "2020.10.06"]
[Round "4.64"]
[White "Saidmurodov, Shahjahon"]
[Black "Johnstone, J Gerry"]
[Result "1-0"]
[WhiteElo "2147"]
[BlackElo "1607"]
[PlyCount "59"]
[EventDate "2020.10.06"]
[WhiteTeam "CSC 1"]
[BlackTeam "Hull & Beverley Romans 2"]

1. e4 e6 2. Nc3 d5 3. Nf3 Nf6 4. e5 Nfd7 5. d4 c5 6. Ne2 cxd4 7. Nexd4 Nc6 8.
Nxc6 bxc6 9. Bd3 Qc7 10. Qe2 Be7 11. O-O Nc5 12. Be3 Nxd3 13. cxd3 Ba6 14. Qc2
O-O 15. Rfc1 Rfc8 16. d4 Rab8 17. Nd2 c5 18. dxc5 Qxe5 19. Qa4 Bd3 20. Bf4 Qe2
21. Bxb8 Qxd2 22. Qxa7 Bg5 23. Qb7 Ba6 24. Qxa6 Rxb8 25. c6 Bf4 26. c7 Bxc7 27.
Rxc7 h6 28. Rc8+ Rxc8 29. Qxc8+ Kh7 30. Qc3 1-0